000
00297nam a22001217a 4500
008
180227b xxu||||| |||| 00| 0 eng d
041
_a
eng
080
_a
32
100
_a
20
101
_a
POL
245
_a
Science policy from ford to reagan change and continuity
_c
Barfield,C.E
942
_2
udc
_c
BK
999
_c
43633
_d
43633